| 000 -LEADER |
| fixed length control field |
01564nam a22001577a 4500 |
| 008 - FIXED-LENGTH DATA ELEMENTS--GENERAL INFORMATION |
| fixed length control field |
221216b ||||| |||| 00| 0 eng d |
| 100 ## - MAIN ENTRY--PERSONAL NAME |
| Personal name |
Smith, Kelly B. |
| 245 ## - TITLE STATEMENT |
| Title |
Laboratories of bureaucracy: How bureaucrats learn across states in setting early childhood education standards |
| 260 ## - PUBLICATION, DISTRIBUTION, ETC. (IMPRINT) |
| Place of publication, distribution, etc |
Publius: The Journal of Federalism |
| 300 ## - PHYSICAL DESCRIPTION |
| Extent |
52(4), Fall, 2022: p.553-578 |
| 520 ## - SUMMARY, ETC. |
| Summary, etc |
How and under what conditions might bureaucrats look to other states? Using a novel dataset of state early learning standards, I conduct dyad analysis to explain across-state citations in bureaucratic documents. Federal government programs can affect which states are looked to for ideas by defining which states are successful through competitive grant programs. Furthermore, the success of programs within the state affect whether bureaucrats look to other states. This article makes two important contributions to our understanding of policy. First, it explores how bureaucrats can participate in policy knowledge diffusion by looking to other states for information. Second, it sheds light on how we measure states as laboratories by marshaling an innovative dataset of citations within state documents. The article suggests states may not be limited to acting as laboratories through electoral institutions, but rather, they may also innovate as laboratories of bureaucracy. – Reproduced |
| 650 ## - SUBJECT ADDED ENTRY--TOPICAL TERM |
| Topical term or geographic name as entry element |
Bureaucracy, Bureaucrats, Childhood education |
| 9 (RLIN) |
36288 |
| 773 ## - HOST ITEM ENTRY |
| Main entry heading |
Publius: The Journal of Federalism |
| 906 ## - LOCAL DATA ELEMENT F, LDF (RLIN) |
| Subject DIP |
CHILD DEVELOPMENT |
| 942 ## - ADDED ENTRY ELEMENTS (KOHA) |
| Item type |
Articles |